Top 10 Clubes da UEFA por Ano - Statistics

Estatísticas Gerais
  • Esse quiz foi jogado 365 vezes
  • A pontuação média é 14 de 18
Estatísticas das Respostas
# Anos Club % Correto
10 Barcelona
99%
10 Real Madrid
99%
6 Manchester City
96%
6 Manchester United
95%
10 Bayern Munich
94%
4 Liverpool
90%
6 Chelsea
89%
9 Atlético Madrid
88%
8 Juventus
87%
8 PSG
85%
6 Arsenal
84%
3 Borussia Dortmund
78%
3 Porto
76%
4 SL Benfica
75%
4 Sevilla
52%
1 AS Roma
46%
1 Valencia
32%
1 Schalke 04
9%
Nenhum quiz correspondente encontrado
Distribuição das Pontuações
Porcentagem de Pessoas com Cada Pontuação
Percentil de Números Respondidos
Sua Pontuação Histórica
Você não jogou esse quiz